000 00330nam a22001337a 4500
008 171018b xxu||||| |||| 00| 0 eng d
020 _a9780471119470
041 _aeng
080 _a338
100 _a53
101 _aMNG
245 _aINVENTORY MANAGEMENT AND PRODUCTION PLANNING AND SCHEDULING
_cSILVER, E.A
942 _2udc
_cBK
999 _c34526
_d34526